000 00259nam a2200109Ia 4500
005 20251222114403.0
008 251222s1900||||xx |||||||||||||| ||spa||
082 _aDVD0010/D36/1987/Ej.2
245 0 _aLos Intocables
264 _bParamount Pictures
942 _cDVD
999 _c1704
_d1704